[Event "Moscow Aeroflot op-A 18th"]
[Site "Moscow"]
[Date "2019.02.24"]
[Round "6"]
[White "Anton Guijarro, David"]
[Black "Abdusattorov, Nodirbek"]
[Result "1-0"]
[WhiteElo "2642"]
[BlackElo "2560"]
[PlyCount "69"]
[EventDate "2019.02.20"]
[EventType "swiss"]
[EventRounds "9"]
[EventCountry "RUS"]
[SourceTitle "CBM 189"]
[Source "ChessBase"]
[SourceDate "2019.04.29"]
[SourceVersion "1"]
[SourceVersionDate "2019.04.29"]
[SourceQuality "1"]

1. d4 Nf6 2. c4 e6 3. Nc3 Bb4 4. f3 d5 5. a3 Bxc3+ 6. bxc3 O-O 7. cxd5 exd5 8.
e3 c5 9. Bd3 b6 10. Ne2 Ba6 11. O-O Re8 12. Ng3 Bxd3 13. Qxd3 Nc6 14. Bb2 Rc8
15. e4 dxe4 16. fxe4 Ne5 17. Qe2 cxd4 18. cxd4 Nc4 19. Rae1 Nxb2 20. Qxb2 Ng4
21. h3 Nh6 22. e5 Rc4 23. Rf4 f6 24. Qb3 Qd5 25. Nh5 Kh8 26. Kh2 fxe5 27. Rxe5
Rxe5 28. dxe5 Rc5 29. Qxd5 Rxd5 30. Rf8+ Ng8 31. Nf6 gxf6 32. exf6 Rg5 33. g4
Rg6 34. f7 Rg7 35. g5 1-0

[Event "Moscow Aeroflot op-A 18th"]
[Site "Moscow"]
[Date "2019.02.24"]
[Round "6"]
[White "Arjun, Kalyan"]
[Black "Karthik, Venkataraman"]
[Result "0-1"]
[WhiteElo "2444"]
[BlackElo "2494"]
[PlyCount "112"]
[EventDate "2019.02.20"]
[EventType "swiss"]
[EventRounds "9"]
[EventCountry "RUS"]
[SourceTitle "CBM 189"]
[Source "ChessBase"]
[SourceDate "2019.04.29"]
[SourceVersion "1"]
[SourceVersionDate "2019.04.29"]
[SourceQuality "1"]

1. e4 c5 2. Nf3 d6 3. d4 Nf6 4. Nc3 cxd4 5. Nxd4 a6 6. Be3 e6 7. f3 h5 8. a4 b6
9. Bc4 Be7 10. O-O Qc7 11. Qe2 O-O 12. Rad1 Nc6 13. Nxc6 Qxc6 14. Bb3 Bd7 15.
Qf2 b5 16. axb5 axb5 17. Ne2 b4 18. Qg3 Rfc8 19. Kh1 Ra5 20. Nf4 Qb7 21. Nd3
Bb5 22. Bd2 Nd7 23. Bxb4 Bxd3 24. Bxa5 Bxf1 25. Rxf1 Qa6 26. Qe1 Bf6 27. Bc3
Bxc3 28. bxc3 Rxc3 29. Qa1 Qxa1 30. Rxa1 Nc5 31. Rb1 g5 32. Kg1 g4 33. Kf2 Kf8
34. h3 gxf3 35. gxf3 Ke7 36. Rg1 Kf6 37. h4 Ke5 38. Rg7 f5 39. exf5 exf5 40.
Rg5 Kf4 41. Bf7 Rxf3+ 42. Kg2 Rc3 43. Bg6 Ne6 44. Rxf5+ Kg4 45. Rf6 Nf4+ 46.
Kh2 d5 47. Bf5+ Kxh4 48. Rf8 Re3 49. Rg8 Re2+ 50. Kg1 Re5 51. Bh7 Kh3 52. Kf2
Kh4 53. Rd8 Nh3+ 54. Kf1 Kg3 55. Bg8 Nf4 56. c4 Ng2 0-1

[Event "Moscow Aeroflot op-A 18th"]
[Site "Moscow"]
[Date "2019.02.24"]
[Round "6"]
[White "Deac, Bogdan Daniel"]
[Black "Fier, Alexandr"]
[Result "1/2-1/2"]
[WhiteElo "2603"]
[BlackElo "2561"]
[PlyCount "30"]
[EventDate "2019.02.20"]
[EventType "swiss"]
[EventRounds "9"]
[EventCountry "RUS"]
[SourceTitle "CBM 189"]
[Source "ChessBase"]
[SourceDate "2019.04.29"]
[SourceVersion "1"]
[SourceVersionDate "2019.04.29"]
[SourceQuality "1"]

1. Nf3 c5 2. c4 Nc6 3. Nc3 g6 4. e3 Nf6 5. d4 cxd4 6. exd4 d5 7. cxd5 Nxd5 8.
Qb3 e6 9. Bb5 Bg7 10. O-O O-O 11. Bxc6 bxc6 12. Re1 Ba6 13. Qa3 Bc4 14. Bg5 f6
15. Be3 Nb6 1/2-1/2

[Event "Moscow Aeroflot op-A 18th"]
[Site "Moscow"]
[Date "2019.02.24"]
[Round "6"]
[White "Esipenko, Andrey"]
[Black "Maghsoodloo, Parham"]
[Result "0-1"]
[WhiteElo "2603"]
[BlackElo "2666"]
[PlyCount "172"]
[EventDate "2019.02.20"]
[EventType "swiss"]
[EventRounds "9"]
[EventCountry "RUS"]
[SourceTitle "CBM 189"]
[Source "ChessBase"]
[SourceDate "2019.04.29"]
[SourceVersion "1"]
[SourceVersionDate "2019.04.29"]
[SourceQuality "1"]

1. d4 Nf6 2. Nf3 e6 3. c4 d5 4. Nc3 dxc4 5. e4 b5 6. e5 Nd5 7. Nxb5 Nb6 8. Be2
Nc6 9. O-O Be7 10. Qd2 O-O 11. Qf4 Rb8 12. Qg3 Kh8 13. Rd1 Nb4 14. Nc3 Bb7 15.
Rb1 N4d5 16. Ne4 f5 17. exf6 gxf6 18. Nc5 Bc8 19. Ne4 Qe8 20. Bd2 Rg8 21. Qh4
e5 22. h3 Qg6 23. Ng3 Bf5 24. Rbc1 e4 25. Nh2 e3 26. Be1 Bd3 27. Qg4 Bxe2 28.
Nxe2 Na4 29. Qf3 Nxb2 30. Qxd5 Nxd1 31. Rxd1 Qc2 32. Nc3 exf2+ 33. Bxf2 Qxc3
34. Ng4 Qc2 35. Re1 Bb4 36. Bh4 Rbf8 37. Bxf6+ Rxf6 38. Nxf6 Rxg2+ 39. Qxg2
Qxg2+ 40. Kxg2 Bxe1 41. Nd5 c3 42. Nb4 Bh4 43. Kf3 Be7 44. Nc2 Kg7 45. Ne3 Kg6
46. Ke4 Kg5 47. Kf3 Kh4 48. Kg2 Bg5 49. Nc2 Bf6 50. Kh2 Be7 51. Kg2 c5 52. dxc5
Bxc5 53. Ne1 Bb6 54. Nc2 Kg5 55. Kf3 Kf5 56. Nb4 Bc5 57. Nc2 Ke5 58. Na1 Be7
59. Nc2 Bg5 60. Nb4 Kd4 61. Ke2 Ke4 62. Nc2 Bf4 63. Nb4 Be3 64. Nc2 Bb6 65. Nb4
Be3 66. Nc2 Bc5 67. Ne1 Bb6 68. Nd3 h5 69. Nb4 Bc5 70. Nd3 Be3 71. Nb4 Bb6 72.
Nd3 c2 73. Kd2 Kf3 74. Kxc2 Kg3 75. Kd2 Kxh3 76. Ke2 Kg3 77. Kf1 h4 78. Nc1 h3
79. Ne2+ Kf3 80. Ng1+ Kg4 81. Ne2 a5 82. a4 Kf3 83. Ng1+ Kg3 84. Ne2+ Kg4 85.
Nc1 Kf3 86. Nd3 Kg3 0-1

[Event "Moscow Aeroflot op-A 18th"]
[Site "Moscow"]
[Date "2019.02.24"]
[Round "6"]
[White "Ghaem Maghami, Ehsan"]
[Black "Raja, Rithvik R"]
[Result "1/2-1/2"]
[WhiteElo "2540"]
[BlackElo "2443"]
[PlyCount "65"]
[EventDate "2019.02.20"]
[EventType "swiss"]
[EventRounds "9"]
[EventCountry "RUS"]
[SourceTitle "CBM 189"]
[Source "ChessBase"]
[SourceDate "2019.04.29"]
[SourceVersion "1"]
[SourceVersionDate "2019.04.29"]
[SourceQuality "1"]

1. Nf3 d5 2. d4 Nf6 3. c4 e6 4. g3 Bb4+ 5. Bd2 Bd6 6. Nc3 O-O 7. Bg5 Be7 8. Bg2
Nbd7 9. Qd3 h6 10. Bxf6 Nxf6 11. O-O c6 12. e4 dxe4 13. Nxe4 Qc7 14. c5 Rd8 15.
Rfd1 b6 16. Ne5 Bb7 17. b4 Nd5 18. a3 a5 19. cxb6 Nxb6 20. Nc5 Nd5 21. Rac1
axb4 22. Bxd5 Rxd5 23. axb4 Bxc5 24. Rxc5 Rad8 25. Qc3 Rxc5 26. bxc5 Ba6 27.
Ra1 Bb5 28. h4 Qb7 29. Ra5 Ra8 30. Qa3 Ra6 31. Kg2 f6 32. Rxa6 Bxa6 33. Nd7
1/2-1/2

[Event "Moscow Aeroflot op-A 18th"]
[Site "Moscow"]
[Date "2019.02.24"]
[Round "6"]
[White "Goganov, Aleksey"]
[Black "Gagare, Shardul"]
[Result "1/2-1/2"]
[WhiteElo "2612"]
[BlackElo "2495"]
[PlyCount "166"]
[EventDate "2019.02.20"]
[EventType "swiss"]
[EventRounds "9"]
[EventCountry "RUS"]
[SourceTitle "CBM 189"]
[Source "ChessBase"]
[SourceDate "2019.04.29"]
[SourceVersion "1"]
[SourceVersionDate "2019.04.29"]
[SourceQuality "1"]

1. e4 e5 2. Nf3 Nc6 3. Bc4 Bc5 4. O-O Nf6 5. d3 O-O 6. h3 h6 7. Re1 d6 8. c3 a6
9. Bb3 Ba7 10. Nbd2 Be6 11. Bc2 Re8 12. Nf1 d5 13. exd5 Qxd5 14. Ng3 Rad8 15.
Qe2 Qd7 16. Be3 Bxe3 17. fxe3 Nd5 18. d4 exd4 19. exd4 Nf4 20. Qd2 Ng6 21. Bxg6
fxg6 22. Qc2 g5 23. Ne4 Bf5 24. Qb3+ Qf7 25. Nc5 Qxb3 26. axb3 Bc8 27. d5 Ne7
28. c4 Ng6 29. Nd4 Nf4 30. b4 b6 31. Nc6 bxc5 32. Nxd8 Rxd8 33. bxc5 Kf7 34. c6
Bf5 35. Re3 Rb8 36. b3 Rb6 37. Rf1 Kg6 38. h4 Bc2 39. g3 Nd3 40. Re6+ Kh5 41.
d6 Rxc6 42. d7 Rxe6 43. d8=Q Re3 44. hxg5 hxg5 45. Qxc7 Kg4 46. Qd7+ Kxg3 47.
Qd5 g4 48. Qg2+ Kh4 49. Qxc2 Rg3+ 50. Qg2 a5 51. Rf8 Rxg2+ 52. Kxg2 g3 53. Rd8
Ne1+ 54. Kf1 g2+ 55. Kf2 Kh3 56. Rh8+ Kg4 57. Re8 Nd3+ 58. Kxg2 Kf4 59. Ra8 Nc5
60. Rxa5 Nxb3 61. Rd5 Ke4 62. Rd1 Nc5 63. Kg3 Na4 64. Rd8 Nc5 65. Kg4 Ne6 66.
Rd1 Ke5 67. Rd7 Ke4 68. Rd5 Nd4 69. Rd7 Nc6 70. Kg5 Ne5 71. Rc7 Kd4 72. c5 Kd5
73. Kf5 Nc6 74. Rxg7 Kxc5 75. Ke4 Kc4 76. Rg5 Nd4 77. Rg8 Nc6 78. Rg5 Nd4 79.
Rg1 Nb3 80. Ke3 Nc5 81. Rg5 Ne6 82. Rg6 Kd5 83. Rxe6 Kxe6 1/2-1/2

[Event "Moscow Aeroflot op-A 18th"]
[Site "Moscow"]
[Date "2019.02.24"]
[Round "6"]
[White "Hakobyan, Aram"]
[Black "Flom, Gabriel"]
[Result "1-0"]
[WhiteElo "2545"]
[BlackElo "2460"]
[PlyCount "81"]
[EventDate "2019.02.20"]
[EventType "swiss"]
[EventRounds "9"]
[EventCountry "RUS"]
[SourceTitle "CBM 189"]
[Source "ChessBase"]
[SourceDate "2019.04.29"]
[SourceVersion "1"]
[SourceVersionDate "2019.04.29"]
[SourceQuality "1"]

1. e4 c5 2. Nf3 e6 3. d4 cxd4 4. Nxd4 a6 5. Nc3 Qc7 6. g3 Bb4 7. Nde2 Be7 8.
Bg2 d6 9. O-O Nf6 10. h3 Nc6 11. a4 b6 12. g4 h6 13. f4 Bb7 14. Be3 Nb4 15. Nd4
d5 16. e5 Ne4 17. Nce2 g5 18. a5 b5 19. c3 Nc6 20. Nxc6 Bxc6 21. Bb6 Bc5+ 22.
Bxc5 Nxc5 23. Nd4 Bb7 24. Qf3 gxf4 25. Qxf4 Qe7 26. Rad1 Ne4 27. Bxe4 dxe4 28.
Nc2 h5 29. g5 h4 30. Ne3 Rg8 31. Kh2 Rxg5 32. Ng4 e3 33. Qxe3 Rd8 34. Qb6 Rxd1
35. Rxd1 Kf8 36. Qe3 Rg6 37. Rd2 Qc7 38. Qb6 Qc6 39. Qxc6 Bxc6 40. Rd6 Bf3 41.
Rxa6 1-0

[Event "Moscow Aeroflot op-A 18th"]
[Site "Moscow"]
[Date "2019.02.24"]
[Round "6"]
[White "Idani, Pouya"]
[Black "Sadhwani, Raunak"]
[Result "1/2-1/2"]
[WhiteElo "2604"]
[BlackElo "2448"]
[PlyCount "44"]
[EventDate "2019.02.20"]
[EventType "swiss"]
[EventRounds "9"]
[EventCountry "RUS"]
[SourceTitle "CBM 189"]
[Source "ChessBase"]
[SourceDate "2019.04.29"]
[SourceVersion "1"]
[SourceVersionDate "2019.04.29"]
[SourceQuality "1"]

1. Nf3 d5 2. c4 d4 3. b4 g5 4. Bb2 Bg7 5. Nxg5 e5 6. Ne4 f5 7. Nc5 b6 8. Nb3
Ne7 9. e3 O-O 10. Be2 d3 11. Bf3 e4 12. Bxg7 Kxg7 13. Bh5 Nbc6 14. b5 Ne5 15.
f4 Nxc4 16. O-O Kh6 17. Nd4 Nd6 18. Kh1 a6 19. g4 Nxb5 20. Nxb5 axb5 21. Rg1
Ng6 22. Qb3 fxg4 1/2-1/2

[Event "Moscow Aeroflot op-A 18th"]
[Site "Moscow"]
[Date "2019.02.24"]
[Round "6"]
[White "Inarkiev, Ernesto"]
[Black "Tsydypov, Zhamsaran"]
[Result "1-0"]
[WhiteElo "2692"]
[BlackElo "2547"]
[PlyCount "115"]
[EventDate "2019.02.20"]
[EventType "swiss"]
[EventRounds "9"]
[EventCountry "RUS"]
[SourceTitle "CBM 189"]
[Source "ChessBase"]
[SourceDate "2019.04.29"]
[SourceVersion "1"]
[SourceVersionDate "2019.04.29"]
[SourceQuality "1"]

1. e4 c5 2. Nf3 d6 3. d4 cxd4 4. Nxd4 Nf6 5. Nc3 a6 6. Be3 e6 7. Be2 Qc7 8. Qd2
b5 9. f3 b4 10. Na4 Nbd7 11. c3 bxc3 12. Nxc3 Bb7 13. Rc1 Qb8 14. Bd1 Be7 15.
Ba4 O-O 16. Nc6 Qe8 17. Rd1 Bxc6 18. Bxc6 Rc8 19. Bb7 Rb8 20. Bxa6 d5 21. exd5
Bb4 22. d6 Nd5 23. Bd4 Bxd6 24. O-O Rb4 25. Kh1 Bf4 26. Qe2 Qb8 27. Nxd5 exd5
28. Bc3 Rb6 29. Rxd5 Bxh2 30. Rh5 Bf4 31. Qd3 g6 32. Rh4 Nf6 33. Bc4 Rd6 34.
Qc2 Nh5 35. Rxh5 gxh5 36. Qe4 Bg3 37. Bd3 Rh6 38. Qd4 f6 39. Bd2 Rd8 40. Qe4
Rg6 41. Qe6+ Kg7 42. Qe7+ Kg8 43. Bxg6 hxg6 44. Bh6 Qc7 45. Qxf6 Kh7 46. Bg5
Re8 47. Qd4 Re2 48. Bf6 Be1 49. Qd8 Qxd8 50. Bxd8 Kg8 51. a4 Kf7 52. a5 Ke8 53.
a6 Bf2 54. Rxf2 Rxf2 55. Ba5 Rc2 56. a7 Rc8 57. Bc7 Ra8 58. Bb8 1-0

[Event "Moscow Aeroflot op-A 18th"]
[Site "Moscow"]
[Date "2019.02.24"]
[Round "6"]
[White "Iniyan, Panneerseluam"]
[Black "Aravindh, Chithambaram VR"]
[Result "1/2-1/2"]
[WhiteElo "2480"]
[BlackElo "2601"]
[PlyCount "103"]
[EventDate "2019.02.20"]
[EventType "swiss"]
[EventRounds "9"]
[EventCountry "RUS"]
[SourceTitle "CBM 189"]
[Source "ChessBase"]
[SourceDate "2019.04.29"]
[SourceVersion "1"]
[SourceVersionDate "2019.04.29"]
[SourceQuality "1"]

1. d4 g6 2. c4 Bg7 3. e4 d6 4. Nc3 e5 5. Nge2 Nc6 6. Be3 Nh6 7. d5 Ne7 8. f3 f5
9. Qd2 Nf7 10. O-O-O a6 11. Kb1 O-O 12. Nc1 Bd7 13. Be2 Qe8 14. g4 b5 15. cxb5
axb5 16. Nd3 fxg4 17. fxg4 g5 18. Nb4 h6 19. Rc1 Nh8 20. h4 gxh4 21. g5 Nhg6
22. Bh5 Qd8 23. Ne2 Kh7 24. Rcg1 Be8 25. a3 Rc8 26. gxh6 Bf6 27. Bg5 c5 28.
dxc6 Bxc6 29. Nd5 Bxd5 30. exd5 Rc4 31. b3 Rc7 32. Qd3 Qe8 33. Rxh4 Bxg5 34.
Rxg5 Rf6 35. Rhg4 Qf7 36. Ng3 Rc5 37. Rxg6 Nxg6 38. Bxg6+ Rxg6 39. Ne4 Kxh6 40.
Nxd6 Rc1+ 41. Kxc1 Qc7+ 42. Rc4 bxc4 43. Qh3+ Kg5 44. Qg3+ Kh5 45. Qh2+ Kg4 46.
Qg2+ Kh5 47. Qh2+ Kg4 48. Qe2+ Kh4 49. Qh2+ Kg4 50. Qe2+ Kh4 51. Qh2+ Kg4 52.
Qe2+ 1/2-1/2

[Event "Moscow Aeroflot op-A 18th"]
[Site "Moscow"]
[Date "2019.02.24"]
[Round "6"]
[White "Iturrizaga Bonelli, Eduardo"]
[Black "Liu, Yan"]
[Result "1-0"]
[WhiteElo "2640"]
[BlackElo "2498"]
[PlyCount "131"]
[EventDate "2019.02.20"]
[EventType "swiss"]
[EventRounds "9"]
[EventCountry "RUS"]
[SourceTitle "CBM 189"]
[Source "ChessBase"]
[SourceDate "2019.04.29"]
[SourceVersion "1"]
[SourceVersionDate "2019.04.29"]
[SourceQuality "1"]

1. c4 Nf6 2. g3 e5 3. Bg2 Nc6 4. Nf3 Bc5 5. O-O d6 6. e3 a6 7. d4 Ba7 8. dxe5
Nxe5 9. Nxe5 dxe5 10. Qxd8+ Kxd8 11. b3 c6 12. Rd1+ Kc7 13. Ba3 Bg4 14. Bd6+
Kc8 15. Rd2 Bb8 16. c5 Bxd6 17. cxd6 Kb8 18. Nc3 Ka7 19. b4 Rad8 20. a4 Nd5 21.
Na2 Be6 22. b5 f5 23. bxc6 bxc6 24. Bxd5 Bxd5 25. Nb4 a5 26. Nxd5 Rxd6 27. Rc2
cxd5 28. Rc5 Ka6 29. Rb1 f4 30. Rbb5 f3 31. Rxa5+ Kb6 32. Rcb5+ Kc6 33. h4 Rhd8
34. Kf1 e4 35. Rc5+ Kb7 36. Rab5+ Rb6 37. Ke1 Rxb5 38. Rxb5+ Kc6 39. Kd2 Ra8
40. Rb4 h5 41. Kc3 Ra5 42. Kd4 Rc5 43. Rb8 Rc4+ 44. Ke5 Rxa4 45. Rd8 Ra2 46.
Rd6+ Kc7 47. Rxd5 Rxf2 48. Kxe4 g6 49. Rg5 Ra2 50. Kxf3 Ra6 51. Rd5 Rf6+ 52.
Ke2 Ra6 53. e4 Ra3 54. Rd3 Ra1 55. Ke3 Rf1 56. e5 Rf5 57. Ke4 Rf1 58. Rf3 Re1+
59. Kd5 Kd7 60. Rf7+ Ke8 61. Rg7 Kf8 62. Rxg6 Kf7 63. Rg5 Re3 64. Kd4 Ra3 65.
Ke4 Ke6 66. Kf4 1-0

[Event "Moscow Aeroflot op-A 18th"]
[Site "Moscow"]
[Date "2019.02.24"]
[Round "6"]
[White "Khismatullin, Denis Rimovich"]
[Black "Xu, Yinglun"]
[Result "1/2-1/2"]
[WhiteElo "2621"]
[BlackElo "2512"]
[PlyCount "37"]
[EventDate "2019.02.20"]
[EventType "swiss"]
[EventRounds "9"]
[EventCountry "RUS"]
[SourceTitle "CBM 189"]
[Source "ChessBase"]
[SourceDate "2019.04.29"]
[SourceVersion "1"]
[SourceVersionDate "2019.04.29"]
[SourceQuality "1"]

1. Nf3 Nf6 2. g3 d5 3. Bg2 c6 4. O-O Bf5 5. c4 e6 6. cxd5 exd5 7. d3 Be7 8. Qb3
Qb6 9. Qc2 O-O 10. Nc3 Bg4 11. a3 Nbd7 12. e4 Nc5 13. Be3 Qb3 14. Qb1 Bxf3 15.
Bxf3 dxe4 16. dxe4 Rfd8 17. Ne2 Ne6 18. Rc1 Bc5 19. Rc3 1/2-1/2

[Event "Moscow Aeroflot op-A 18th"]
[Site "Moscow"]
[Date "2019.02.24"]
[Round "6"]
[White "Kulaots, Kaido"]
[Black "Chigaev, Maksim"]
[Result "1/2-1/2"]
[WhiteElo "2542"]
[BlackElo "2613"]
[PlyCount "139"]
[EventDate "2019.02.20"]
[EventType "swiss"]
[EventRounds "9"]
[EventCountry "RUS"]
[SourceTitle "CBM 189"]
[Source "ChessBase"]
[SourceDate "2019.04.29"]
[SourceVersion "1"]
[SourceVersionDate "2019.04.29"]
[SourceQuality "1"]

1. e4 e5 2. Nf3 Nc6 3. Bb5 a6 4. Ba4 Nf6 5. O-O Be7 6. Re1 b5 7. Bb3 d6 8. c3
O-O 9. d4 Bg4 10. Be3 Bh5 11. h3 exd4 12. cxd4 Na5 13. Nbd2 Nxb3 14. axb3 Bg6
15. Bf4 d5 16. e5 Ne4 17. Nf1 f6 18. Rc1 fxe5 19. Bxe5 Rc8 20. Rc6 a5 21. Qc1
Bb4 22. Re2 Rxf3 23. gxf3 Ng5 24. Re3 Nxh3+ 25. Kg2 Bf5 26. f4 Qh4 27. Rg3 Bd6
28. Bxd6 Re8 29. Ne3 cxd6 30. Nxf5 Nxf4+ 31. Kf3 Qh5+ 32. Rg4 Ne6 33. Nh6+ Kh8
34. Kg3 gxh6 35. Rc8 Ng5 36. Rxe8+ Qxe8 37. Qf4 Qe7 38. Qf5 Kg7 39. Kg2 Qf7 40.
Qxf7+ Kxf7 41. Rh4 Kg6 42. f3 h5 43. Kf2 Ne6 44. Ke3 Ng7 45. Rh1 Nf5+ 46. Kf2
Kg5 47. Ra1 Kf4 48. Rxa5 Nxd4 49. Ra7 h6 50. Rh7 Nf5 51. Rb7 h4 52. Rxb5 h3 53.
Kg1 Kxf3 54. Rxd5 Ke4 55. Rd1 d5 56. b4 d4 57. b5 h2+ 58. Kxh2 d3 59. b6 Nd6
60. Kg3 Ke3 61. Re1+ Kd4 62. Re6 Kd5 63. Rxh6 d2 64. Rh1 Kc6 65. Kf3 Nc4 66.
Ke2 Nxb2 67. b7 Kxb7 68. Rb1 d1=Q+ 69. Rxd1 Nxd1 70. Kxd1 1/2-1/2

[Event "Moscow Aeroflot op-A 18th"]
[Site "Moscow"]
[Date "2019.02.24"]
[Round "6"]
[White "Lalith, Babu MR"]
[Black "Harika, Dronavalli"]
[Result "1/2-1/2"]
[WhiteElo "2556"]
[BlackElo "2471"]
[PlyCount "73"]
[EventDate "2019.02.20"]
[EventType "swiss"]
[EventRounds "9"]
[EventCountry "RUS"]
[SourceTitle "CBM 189"]
[Source "ChessBase"]
[SourceDate "2019.04.29"]
[SourceVersion "1"]
[SourceVersionDate "2019.04.29"]
[SourceQuality "1"]

1. Nf3 d5 2. c4 e6 3. e3 Nf6 4. Nc3 a6 5. b3 b6 6. Bb2 Bb7 7. Be2 Nbd7 8. Qc2
Bd6 9. cxd5 exd5 10. Nd4 g6 11. O-O O-O 12. Rac1 Rc8 13. Qb1 Qe7 14. Nf3 Rfe8
15. Rfe1 Ne4 16. d3 Nef6 17. Bf1 Qf8 18. Ne2 Qh6 19. h3 c5 20. a3 d4 21. exd4
Bxf3 22. gxf3 Nh5 23. dxc5 Nxc5 24. Rc4 Nxb3 25. Qc2 Qg5+ 26. Kh1 Nc5 27. Qc3
f6 28. d4 Rxe2 29. Rxe2 Qf4 30. Re5 Bxe5 31. dxe5 Qxe5 32. Qxe5 fxe5 33. Bxe5
Rd8 34. Rd4 Rxd4 35. Bxd4 a5 36. Be5 Kf7 37. Bc7 1/2-1/2

[Event "Moscow Aeroflot op-A 18th"]
[Site "Moscow"]
[Date "2019.02.24"]
[Round "6"]
[White "Lobanov, Sergei"]
[Black "Safarli, Eltaj"]
[Result "1/2-1/2"]
[WhiteElo "2526"]
[BlackElo "2681"]
[PlyCount "103"]
[EventDate "2019.02.20"]
[EventType "swiss"]
[EventRounds "9"]
[EventCountry "RUS"]
[SourceTitle "CBM 189"]
[Source "ChessBase"]
[SourceDate "2019.04.29"]
[SourceVersion "1"]
[SourceVersionDate "2019.04.29"]
[SourceQuality "1"]

1. e4 c5 2. Nf3 Nc6 3. d4 cxd4 4. Nxd4 Qb6 5. Nb3 Nf6 6. Nc3 e6 7. Qe2 Qc7 8.
Bd2 a6 9. f4 d6 10. g4 b5 11. a3 Nd7 12. h4 Nc5 13. Be3 Be7 14. Nxc5 dxc5 15.
e5 Nd4 16. Qf2 Bb7 17. Bg2 h5 18. g5 Nf5 19. Ne4 Rd8 20. O-O O-O 21. Kh2 Rd7
22. Rae1 Rfd8 23. Rg1 g6 24. Re2 Rc8 25. Nf6+ Bxf6 26. gxf6 Bxg2 27. Qxg2 c4
28. Kh3 Kf8 29. Qf3 Qc6 30. Qxc6 Rxc6 31. Bf2 Ke8 32. Kg2 Rc8 33. Kf3 Rcd8 34.
a4 Rd1 35. Ree1 R1d2 36. Re2 b4 37. Rc1 R8d5 38. Re4 Nd4+ 39. Bxd4 R5xd4 40.
Rxd4 Rxd4 41. Re1 b3 42. cxb3 cxb3 43. Re3 Kd7 44. Rxb3 Kc7 45. Rc3+ Kb7 46. b3
Rd1 47. Ke4 Rh1 48. Rg3 Re1+ 49. Kd4 Rf1 50. Ke4 Re1+ 51. Re3 Rh1 52. Rg3
1/2-1/2

[Event "Moscow Aeroflot op-A 18th"]
[Site "Moscow"]
[Date "2019.02.24"]
[Round "6"]
[White "Lupulescu, Constantin"]
[Black "Debashis, Das"]
[Result "1-0"]
[WhiteElo "2610"]
[BlackElo "2532"]
[PlyCount "67"]
[EventDate "2019.02.20"]
[EventType "swiss"]
[EventRounds "9"]
[EventCountry "RUS"]
[SourceTitle "CBM 189"]
[Source "ChessBase"]
[SourceDate "2019.04.29"]
[SourceVersion "1"]
[SourceVersionDate "2019.04.29"]
[SourceQuality "1"]

1. d4 Nf6 2. c4 e6 3. Nf3 b6 4. a3 Bb7 5. Bf4 d6 6. Nc3 Nbd7 7. e3 Be7 8. h3
O-O 9. Be2 c5 10. d5 exd5 11. cxd5 a6 12. e4 b5 13. Nd2 Re8 14. b4 Bf8 15. O-O
g6 16. Re1 Rc8 17. Rc1 Rb8 18. Qc2 Qe7 19. Qb1 Bg7 20. Bf1 Rbc8 21. a4 Nh5 22.
Be3 bxa4 23. Nxa4 cxb4 24. Qxb4 Rxc1 25. Rxc1 Bc8 26. Nb6 Nxb6 27. Qxb6 Nf6 28.
Rc7 Qd8 29. Qa7 Nd7 30. Bxa6 Bxa6 31. Rxd7 Qa5 32. Rxf7 Qa1+ 33. Kh2 Be5+ 34.
f4 1-0

[Event "Moscow Aeroflot op-A 18th"]
[Site "Moscow"]
[Date "2019.02.24"]
[Round "6"]
[White "Macovei, Andrei"]
[Black "Henderson de la Fuente, Lance"]
[Result "1/2-1/2"]
[WhiteElo "2435"]
[BlackElo "2490"]
[PlyCount "237"]
[EventDate "2019.02.20"]
[EventType "swiss"]
[EventRounds "9"]
[EventCountry "RUS"]
[SourceTitle "CBM 189"]
[Source "ChessBase"]
[SourceDate "2019.04.29"]
[SourceVersion "1"]
[SourceVersionDate "2019.04.29"]
[SourceQuality "1"]

1. e4 c5 2. Nf3 e6 3. d4 cxd4 4. Nxd4 Nc6 5. Nc3 Qc7 6. Be3 a6 7. Qd2 Nf6 8. f4
Bb4 9. Bd3 Na5 10. a3 Bxc3 11. Qxc3 Qxc3+ 12. bxc3 d5 13. exd5 exd5 14. Nb3 Nc4
15. Bd4 Ne4 16. Nc5 Nxc5 17. Bxc5 Bd7 18. O-O-O O-O-O 19. Bxc4 dxc4 20. Bb6
Rde8 21. Rd4 Bc6 22. Rxc4 Kd7 23. f5 f6 24. Rg4 Rhg8 25. Rd4+ Ke7 26. Rd2 Kf7
27. Bd4 Re4 28. Rf2 Rge8 29. Rd1 h5 30. g3 Kg8 31. c4 Kh7 32. c3 Kh6 33. Kd2
Kg5 34. h3 Kh6 35. Rg1 R8e7 36. Rb1 Be8 37. Rb6 Bf7 38. Kd3 Re1 39. Rfb2 Rd1+
40. Kc2 Ree1 41. Kb3 Rb1 42. Rxb7 Rxb2+ 43. Kxb2 Bxc4 44. Rc7 Re2+ 45. Kc1 Bd3
46. h4 Bxf5 47. c4 Kg6 48. Rc6 a5 49. Bb6 a4 50. Bc7 Be4 51. Rc5 Rc2+ 52. Kd1
Rc3 53. Bf4 Rd3+ 54. Kc1 Rxa3 55. Kb2 Rb3+ 56. Ka2 Bb1+ 57. Ka1 Bd3 58. Ra5
Bxc4 59. Rxa4 Be6 60. Ra7 Rb6 61. Rc7 Kh7 62. Ra7 Kg6 63. Be3 Rb5 64. Bf4 Bf5
65. Ka2 Be4 66. Re7 Bd5+ 67. Ka3 Rb3+ 68. Ka4 Rb1 69. Ka5 Kh7 70. Rd7 Bf3 71.
Rc7 Kg8 72. Rc8+ Kh7 73. Rc7 Bg4 74. Rc1 Rb2 75. Rc7 Kg8 76. Ka4 Be6 77. Rc5
Bg4 78. Rc7 Bf3 79. Rc8+ Kh7 80. Rc7 Bd1+ 81. Ka5 Be2 82. Ka4 Bd1+ 83. Ka5 Rb3
84. Rd7 Bg4 85. Rc7 Kg8 86. Ka4 Rb6 87. Ka5 Rb2 88. Ra7 Kh7 89. Rc7 Kg6 90. Re7
Rf2 91. Kb4 Rxf4+ 92. gxf4 Kf5 93. Rxg7 Kxf4 94. Rc7 Kg3 95. Kc3 Kxh4 96. Kc4
Kg5 97. Kd3 Kf4 98. Kd2 Bf3 99. Ke1 Kg3 100. Kf1 h4 101. Kg1 f5 102. Rc2 Be4
103. Rc3+ Bf3 104. Rc2 h3 105. Rh2 Bg4 106. Rf2 f4 107. Rb2 Bf5 108. Rf2 Be4
109. Rh2 Kg4 110. Kf2 Bf5 111. Rh1 Be4 112. Rh2 Bd5 113. Kg1 Kg3 114. Rf2 Be6
115. Re2 Bf5 116. Rf2 Bg4 117. Rb2 Bf3 118. Rf2 Bg2 119. Rxg2+ 1/2-1/2

[Event "Moscow Aeroflot op-A 18th"]
[Site "Moscow"]
[Date "2019.02.24"]
[Round "6"]
[White "Murzin, Volodar"]
[Black "Jumabayev, Rinat"]
[Result "0-1"]
[WhiteElo "2337"]
[BlackElo "2604"]
[PlyCount "120"]
[EventDate "2019.02.20"]
[EventType "swiss"]
[EventRounds "9"]
[EventCountry "RUS"]
[SourceTitle "CBM 189"]
[Source "ChessBase"]
[SourceDate "2019.04.29"]
[SourceVersion "1"]
[SourceVersionDate "2019.04.29"]
[SourceQuality "1"]

1. e4 c5 2. Nf3 d6 3. Bb5+ Nd7 4. O-O a6 5. Bd3 Ngf6 6. c3 b5 7. Bc2 Bb7 8. Qe2
e6 9. d4 Rc8 10. Bd3 Be7 11. Nbd2 Qc7 12. Re1 O-O 13. Nf1 a5 14. Ng3 b4 15. Bd2
Rfd8 16. Rac1 Qb8 17. h3 Bf8 18. Nh2 Qa7 19. Be3 Qa8 20. f3 cxd4 21. cxd4 Rxc1
22. Rxc1 Rc8 23. Rd1 Be7 24. Ng4 Bd8 25. Nxf6+ Nxf6 26. Nf1 Bb6 27. g4 Qa7 28.
Bb5 Rc7 29. Qh2 Bc6 30. Bxc6 Rxc6 31. Qe2 Qc7 32. Bf2 Rc4 33. Rd2 Qc6 34. Ne3
Rc1+ 35. Kg2 d5 36. e5 Ne8 37. Rc2 Rxc2 38. Qxc2 Qd7 39. Nf1 Nc7 40. a4 bxa3
41. bxa3 a4 42. Ng3 Qb5 43. Nh5 h6 44. g5 hxg5 45. Qc1 Qd3 46. Qc6 Qb3 47. Qd6
Qb5 48. Qd8+ Ne8 49. Qxg5 Kf8 50. Qd2 Qc4 51. Ng3 Bd8 52. Nh5 Be7 53. Qa5 Bxa3
54. Qa8 Qb5 55. Qc8 Be7 56. Qc2 Kg8 57. Ng3 a3 58. Ne2 Qb2 59. Qxb2 axb2 60.
Nc3 Bb4 0-1